| 000 | 00629cam a22002172 4500 | ||
|---|---|---|---|
| 001 | 0000003765 | ||
| 005 | 20151217145740.0 | ||
| 008 | 070515s xx 000 0 eng d | ||
| 020 | _a0070114109X : | ||
| 040 |
_aKABU _cKABU |
||
| 050 | 0 |
_aQC311 _b.C46 |
|
| 100 | 1 |
_aCengel, Yunus A. _@0000153892 |
|
| 245 | 1 | 0 | _aIntroduction to thermo-dynamics and heat transfer. |
| 260 |
_aBoston : _bMcGraw-Hill, _c1997. |
||
| 300 | _axxvii, 922 p. | ||
| 650 | 0 |
_aThermodynamics. _@0000153888 |
|
| 650 | 0 |
_aHeat _xTransmission. _@0000153893 |
|
| 852 | 1 | _9p6600 KES | |
| 908 | _a070515 | ||
| 950 | _@1 | ||
| 999 |
_c2230 _d2230 |
||